000 00632nam a22002057i 4500
020 _a9789713704153
050 1 4 _aQA 76.73
_bP224.J49
100 1 _aJemma Development Group
245 _aPhp and MySQL
_cJemma development group
264 1 _bJemma Incorporated:
_c2012.
300 _aviii, 166 pages;
_c25 cm.
_evisual guide
336 _atext
_btxt
_2rdacontent
337 _aunmediated
_bn
_2rdamedia
338 _avolume
_bnc
_2rdacarrier
650 _a1.Web site development.
650 _a2.Web databases--Design.
650 _a3.PHP (Computer program language.
650 _a4.MySQL (Electronic resource). I.Title
942 _cF
999 _c3799
_d3799